000
00218nam a2200097Ia 4500
008
170619s9999 xx 000 0 und d
100
_a
Jindal U C
245
0
_a
Computer Organization
260
_b
Mc Graw Hill
260
_c
2002
546
_a
ENGLISH
999
_c
17600
_d
17600